Green chemistry: theory and practice by Paul T Anastas and John C Warner (Record no. 1215167)

MARC details
000 -LEADER
fixed length control field 01075nam a2200289Ia 4500
003 - CONTROL NUMBER IDENTIFIER
control field OSt
005 - DATE AND TIME OF LATEST TRANSACTION
control field 20221007125357.0
008 - FIXED-LENGTH DATA ELEMENTS--GENERAL INFORMATION
fixed length control field 221006b |||||||| |||| 00| 0 eng d
020 ## - INTERNATIONAL STANDARD BOOK NUMBER
International Standard Book Number 0198506988 (pbk)
037 ## - SOURCE OF ACQUISITION
Terms of availability Textual
040 ## - CATALOGING SOURCE
Original cataloging agency CDL
Transcribing agency CDL
Language of cataloging eng
041 ## - LANGUAGE CODE
Source of code eng
Language code of text/sound track or separate title eng
100 ## - MAIN ENTRY--PERSONAL NAME
Personal name Anastas Paul T
245 #0 - TITLE STATEMENT
Title Green chemistry: theory and practice by Paul T Anastas and John C Warner
Remainder of title Warner John C
260 ## - PUBLICATION, DISTRIBUTION, ETC.
Place of publication, distribution, etc. Oxford
Name of publisher, distributor, etc. Oxford University Press
Date of publication, distribution, etc. 1998
300 ## - PHYSICAL DESCRIPTION
Extent xi, 135p
Dimensions cm.
500 ## - GENERAL NOTE
General note Bibliographical references 125-129p; Index 131-135p; ^n23/CSL/CARC/2002-2003/379^d2002-09-25^mPurchase; ; 2002-03/309^b2002-10-24^c081^d2002-10-16^eRs.10,653.00^fDhanraj Book House; ; 2002-11-08^bSB^c2003-04-14^dRPS
650 ## - SUBJECT ADDED ENTRY--TOPICAL TERM
Topical term or geographic name entry element Environment
650 ## - SUBJECT ADDED ENTRY--TOPICAL TERM
Topical term or geographic name entry element Chemistry
700 ## - ADDED ENTRY--PERSONAL NAME
Personal name Warner John C
9 (RLIN) 721861
942 ## - ADDED ENTRY ELEMENTS (KOHA)
Classification part E0aG:55, N8-;1
Koha item type Textual
Source of classification or shelving scheme Colon Classification (CC)
Holdings
Withdrawn status Lost status Source of classification or shelving scheme Damaged status Not for loan Home library Current library Date acquired Source of acquisition Total Checkouts Full call number Barcode Date last seen Price effective from Koha item type
    Colon Classification (CC)     Department of Chemistry Library Department of Chemistry Library 2022-10-07 Dhanraj,   E0aG:55 N8-;1 CD0006752 2022-10-07 2022-10-07 Textual
Copyright @ Delhi University Library System